[Event "Cappelle op 31st"]
[Site "Cappelle la Grande"]
[Date "2015.03.02"]
[Round "3"]
[White "Petkov, Vladimir"]
[Black "Vazquez Igarza, Renier"]
[Result "1/2-1/2"]
[WhiteElo "2517"]
[BlackElo "2592"]
[Annotator "RR"]
[PlyCount "40"]
[EventDate "2015.02.28"]
[EventType "swiss"]
[EventRounds "9"]
[EventCountry "FRA"]
[SourceTitle "EXT 2016"]
[Source "ChessBase"]
[SourceDate "2015.10.08"]
[SourceVersion "1"]
[SourceVersionDate "2015.10.08"]
[SourceQuality "1"]

1. d4 Nf6 2. c4 e6 3. Nc3 Bb4 4. Nf3 b6 5. Qb3 c5 (5... a5) 6. Bg5 (6. a3 Ba5)
6... Bb7 7. e3 h6 (7... O-O 8. Be2 cxd4 9. exd4 Be7 10. O-O Nc6 11. Rad1 Rc8
12. d5 Na5 13. Qa4 exd5 14. cxd5 Nxd5 15. Nxd5 Bxg5 16. Qg4 Bh6 17. b4 Nc6 18.
Bd3 Ne7 19. Qe4 Ng6 20. Bb1 Re8 21. Qf5 Ba6 22. Rfe1 Be2 23. h4 Bxd1 24. Rxd1
d6 25. Kh2 Rc1 26. Rd4 Qc8 27. Qd3 f5 28. h5 Ne5 29. Nxe5 Rxe5 30. f4 Rxd5 31.
Rxd5 Bxf4+ 32. g3 Bxg3+ 33. Kg2 Be5 34. Qxf5 Qxf5 35. Bxf5 Rc3 36. Kf2 Rc4 37.
Ke3 {Edouard,R (2659)-Moiseenko,A (2698) Germany 2014 0-1}) 8. Bh4 O-O 9. Be2
cxd4 $5 $146 (9... d5 10. dxc5 bxc5 11. O-O Nbd7 {Bocharov,D (2590)-Khairullin,
I (2533) Moscow Aeroflot op-A 2006 (7) 1/2}) 10. Qxb4 Na6 {L'idée de la
nouveauté qui gagne un tempo de développement} 11. Qa3 dxc3 12. Qxc3 Nc5 13.
O-O Nce4 14. Qd4 Qc7 15. Rfd1 Rad8 (15... Rfd8 {[%cal Ga8c8]}) 16. Rac1 d6 17.
b3 e5 $1 $11 {Un thème important dans ce genre de structure et le Nf3 est mal
placé pour profiter de l'affaiblissement de la case "d5"} 18. Qb2 Rfe8 19. Ne1
g5 20. Bg3 Kg7 1/2-1/2

[Event "URS-chT Cup 11th 1st league"]
[Site "Jurmala"]
[Date "1980.05.??"]
[Round "4.2"]
[White "Veingold, Aleksandr"]
[Black "Averbakh, Yuri L"]
[Result "1-0"]
[WhiteElo "2450"]
[BlackElo "2490"]
[Annotator "RR"]
[PlyCount "123"]
[EventDate "1980.05.23"]
[EventType "team-tourn"]
[EventRounds "6"]
[EventCountry "LAT"]
[SourceTitle "EXT 2020"]
[Source "ChessBase"]
[SourceDate "2019.10.17"]
[SourceVersion "1"]
[SourceVersionDate "2019.10.17"]
[SourceQuality "1"]
[WhiteTeam "Kalev"]
[BlackTeam "Zenit"]
[WhiteTeamCountry "URS"]
[BlackTeamCountry "URS"]

1. d4 Nf6 2. Nf3 b6 3. c4 e6 4. Nc3 Bb7 5. a3 d5 6. cxd5 exd5 7. Bf4 (7. g3 {
Mochalov,E (2470)-Sturua,Z (2420) Cup URS (Team-II Group) 1980 1-0}) 7... Be7
8. Qa4+ $1 {Un échecs intermédiaire thématique pour forcer "c6" qui gêne les
noirs.} c6 9. e3 O-O 10. Be2 Nbd7 11. Ne5 Nxe5 12. dxe5 Nd7 13. Rd1 (13. O-O)
13... f6 14. exf6 Bxf6 15. O-O Qe7 (15... Nc5) 16. Bg3 Nc5 17. Qc2 a5 18. b4
axb4 19. axb4 Bxc3 20. Qxc3 Ne4 $132 21. Qb3 Kh8 22. Bd3 Ra7 23. Qc2 Re8 24.
Ra1 Raa8 25. Qb2 Kg8 26. Rfd1 h6 27. Qd4 Rxa1 28. Rxa1 c5 29. bxc5 Qxc5 30. Be5
Qxd4 31. Bxd4 Ra8 32. Rxa8+ Bxa8 33. Bxb6 Kf7 34. f3 Ng5 35. h4 Ne6 36. h5 Bc6
37. Kf2 Be8 38. Bg6+ Ke7 39. Bxe8 Kxe8 40. Kg3 Kf7 41. Kg4 g6 42. Bd4 Nd8 43.
hxg6+ Kxg6 44. Kf4 Nf7 45. Bc3 h5 46. Bd4 Nd6 47. Ke5 Nf5 48. Kxd5 Nh4 49. Ke6
Nxg2 50. f4 Nh4 51. e4 Nf3 52. f5+ Kh7 53. Be3 h4 54. f6 h3 55. Bf4 Ng5+ 56.
Kf5 Nf3 57. Ke6 Ng5+ 58. Ke7 Kg6 59. Bh2 Nf7 60. e5 Ng5 61. e6 Kf5 62. f7 1-0

[Event "URS-chT Cup 11th 1st league"]
[Site "Jurmala"]
[Date "1980.05.??"]
[Round "5.1"]
[White "Mochalov, Evgeny Veniaminovic"]
[Black "Sturua, Zurab"]
[Result "1-0"]
[WhiteElo "2470"]
[BlackElo "2420"]
[Annotator "RR"]
[PlyCount "83"]
[EventDate "1980.05.23"]
[EventType "team-tourn"]
[EventRounds "6"]
[EventCountry "LAT"]
[SourceTitle "EXT 2020"]
[Source "ChessBase"]
[SourceDate "2019.10.17"]
[SourceVersion "1"]
[SourceVersionDate "2019.10.17"]
[SourceQuality "1"]
[WhiteTeam "The Red Flag (Krasnoje Znamja)"]
[BlackTeam "Gantiandi"]
[WhiteTeamCountry "URS"]
[BlackTeamCountry "URS"]

1. Nf3 Nf6 2. c4 e6 3. d4 b6 4. a3 Bb7 5. Nc3 d5 6. cxd5 exd5 $6 {A l'époque
ed5 était l'alternative mais la théorie de la variante PETROSSIAN va connaître
un grand développement pendant les années 80 notamment а la suite de son
utilisation par KASPAROV et Nd5 deviendra la ligne principale chez les GMI} (
6... Nxd5 $142 {Vaganian,R (2600)-Kuzmin,G (2530) Cup URS (Team-II Group) 1980
(29) 1/2}) 7. g3 (7. Qa4+ $5 {[%csl Rc6]}) (7. Bf4 {Veingold,A (2450)-Averbakh,
Y (2490) Cup URS (Team-II Group) 1980 1-0}) 7... Bd6 8. Bg2 (8. Qa4+) 8... O-O
9. O-O Re8 {[%cal Ge8e2]} 10. Bg5 (10. Qc2) 10... Na6 $146 ({RR} 10... Nbd7 11.
Nb5 h6 ({RR} 11... Ba6 12. Nxd6 cxd6 13. Re1 h6 14. Bxf6 Nxf6 15. Nd2 Qd7 16.
e3 Rac8 17. Nb1 Qf5 18. Nc3 Ne4 19. Nxe4 dxe4 20. Qd2 {1/2-1/2 Petrosian,T 
(2615)-Kortschnoj,V (2695)/Velden 1980/Candidates}) 12. Nxd6 cxd6 13. Bxf6 Nxf6
14. Qd3 a5 15. b4 axb4 16. axb4 Qd7 17. b5 Ne4 18. e3 Rec8 19. Rxa8 Rxa8 20.
Qb3 Ra5 21. Rb1 Qf5 22. Qb2 Bc8 23. Ra1 Rxa1+ 24. Qxa1 Bd7 25. Qb2 {Miles,A 
(2545)-Seirawan,Y (2510)/Vienna 1980/MCL/1/2-1/2 (43)}) 11. Qb3 {[%cal Gf1d1,
Ga1c1]} (11. Nh4 $16 {[%cal Gh4f5]}) 11... c6 12. Rfe1 {[%cal Ge2e4]} Be7 13.
Bxf6 Bxf6 14. e4 $14 Nc7 {[%cal Gc7d5,Gc7e6,Ge6d4]} 15. exd5 Rxe1+ 16. Rxe1
cxd5 17. Ne5 $1 {[%csl Rd5]} g6 18. f4 Kg7 19. h4 Bc8 20. Rc1 (20. Bxd5 Nxd5
21. Qxd5 Be6 22. Qe4 Bf5 23. Qe3 {La paire de B doit donner quelques
compensations aux noirs}) 20... Be6 21. Nd1 {[%cal Gd1e3,Ge5c6,Gc1c7]} Rc8 22.
Ne3 Bxe5 23. fxe5 g5 24. h5 $1 g4 25. Rc3 Qg5 26. Nf1 (26. Kf2 Qxh5 $2 27. Qc2
{[%csl Rc7,Rc8]}) 26... Qxh5 27. Qc2 Qf5 $1 28. Qxf5 Bxf5 29. Ne3 Be6 30. Nxd5
Nxd5 31. Rxc8 Bxc8 32. Bxd5 f6 33. e6 f5 34. Bc4 {[%cal Gd4d5,Gd5d6]} Kf6 35.
d5 h5 36. Kf2 f4 $1 {[%csl Gh5][%cal Gh5h1]} 37. gxf4 h4 38. Bd3 g3+ $2 39. Kg2
Bb7 40. Be4 Ba6 41. Kh3 Bf1+ 42. Bg2 1-0

[Event "URS-chT Cup 11th"]
[Site "Rostov on Don"]
[Date "1980.05.??"]
[Round "6"]
[White "Karpov, Anatoly"]
[Black "Balashov, Yuri S"]
[Result "0-1"]
[WhiteElo "2720"]
[BlackElo "2590"]
[Annotator "RR"]
[PlyCount "170"]
[EventDate "1980.05.23"]
[EventType "team-tourn"]
[EventRounds "7"]
[EventCountry "URS"]
[SourceTitle "EXT 2020"]
[Source "ChessBase"]
[SourceDate "2019.10.17"]
[SourceVersion "1"]
[SourceVersionDate "2019.10.17"]
[SourceQuality "1"]
[WhiteTeam "Soviet Army"]
[BlackTeam "Burevestnik"]
[WhiteTeamCountry "URS"]
[BlackTeamCountry "URS"]

1. d4 Nf6 2. c4 e6 3. Nf3 b6 4. Nc3 Bb7 (4... Bb4 {l'alternative} 5. Bg5 Bb7 6.
e3 h6 7. Bh4 g5 8. Bg3 Ne4 {[%cal Ge4c3,Ge4g3]} 9. Qc2 Bxc3+ 10. bxc3 d6 11.
Bd3 f5 (11... Nxg3 {Moins risqué} 12. fxg3 (12. hxg3 {[%csl Rh6][%cal Gg3g4]}
Nd7 {Tal,M-Gligoric,S Candidates Tournament 1959 (16) 1-0}) 12... Nd7 13. O-O
Qe7 {[%cal Ge8c8];Wirthensohn,H (2410)-Marjanovic,S (2450) Dortmund 1978 (8) 1/
2}) 12. d5 $1 {[%csl Re6] La ligne critique} Nd7 (12... Na6 $5 {la dernière
mode а haut niveau essayée notamment par LEKO et ADAMS} 13. Bxe4 fxe4 14. Qxe4
Qf6 15. O-O O-O-O 16. Qxe6+ Qxe6 17. dxe6 Bxf3 18. gxf3 Nc5 $132 {[%csl Gc5]
[%cal Gc5e6];Wang Yue (2739)-Leko,P (2751) Amber-rapid 18th 2009 (8) 1/2}) 13.
Bxe4 fxe4 14. Qxe4 Qf6 {Hort,V (2600)-Bellin,R (2375) Hastings 7576 1975 (14)
1/2}) 5. Bg5 {La grande mode dans les années 80} (5. a3 $1 {C'est un bon ordre
de coups pour jouer la variante PETROSSIAN car les blancs évitent plusieurs
variantes dont Ba6}) 5... Be7 (5... Bb4 {Plus ambitieux mais Be7 est aussi le
choix préféré de KARPOV}) (5... h6 $5 {les noirs ont des bons résultats sur
cette variante un peu risquée mais intéressante. Je l'ai joué quelques fois
mais c'est plutôt une variante surprise car un adversaire bien préparé avec
les blancs ne doit pas craindre grand-chose} 6. Bh4 g5 7. Bg3 Nh5 {[%cal Gh5g3,
Gf8g7] L'idée de la variante, les noirs gagnent la paire de B et ils peuvent
développer le B activement en "g7"} 8. e3 Nxg3 9. hxg3 Bg7 10. Qc2 Nc6 $1 11.
O-O-O $13 {Keene,R (2460)-Adamski,J (2415) Hannover 1976 (9) 1/2} (11. g4 $5 {
[%csl Rh5,Rh6]})) 6. e3 h6 (6... d5 $6) 7. Bh4 Ne4 {Avec l'idée d'échanger des
pièces pour applanir le jeu} 8. Bxe7 Qxe7 9. Nxe4 Bxe4 {[%csl Ge4]} 10. Rc1
$146 (10. Nd2 {[%cal Gd2e4,Gf2f3]} Bb7 11. f3 c5 12. dxc5 Qxc5 13. Qe2 O-O 14.
g3 Nc6 15. a3 Qe5 16. O-O-O Na5 17. Kb1 Rac8 18. b4 Nc6 19. Qd3 ({RR} 19. f4)
19... d5 20. cxd5 exd5 21. f4 Qe7 22. Bg2 d4 23. e4 ({RR} 23. Bxc6) 23... Rfd8
24. Rhe1 Nxb4 {Hasek,J-Reti,R/Bratislava 1925/EXT 1999/[ChessBase]/0-1}) ({RR} 
10. a3 a5 11. Bd3 Bxd3 12. Qxd3 a4 13. Rc1 Ra5 14. e4 d6 15. O-O Nd7 16. Ne1
O-O 17. Nc2 e5 18. Nb4 Raa8 19. f4 exd4 20. Qxd4 Nc5 {1/2-1/2 Popov,
L-Matanovic,A/Budapest 1960/EXT 2001}) 10... c5 11. Be2 O-O 12. O-O d6 {
[%csl Ge4][%cal Gb8d7,Gd7f6] Les noirs ont égalisé sans problème avec la
structure trés souple du hérisson} 13. Qd2 Nd7 14. Rfd1 Rfd8 (14... Nf6) 15.
Qc3 Nf6 16. Qa3 $5 {[%csl Ra7,Rd6][%cal Ga3e7] tentative de pression sur les
cases noires mais les noirs sont ok. La suite de la partie va d'ailleurs
montrer que la Q blanche n'est pas trés bien placée} a5 $5 {Les noirs
profitent du jeu timide des blancs pour prendre de l'espace. L'affaiblissement
de la case "b5" est sans effet car le N est trop loin de la case "c3"} 17. Nd2
$1 {[%cal Gd2e4,Ge2f3]} Bb7 18. Bf3 {[%csl Ge4] Les blancs reprennent le
contrôle de la case "e4" mais il n'est pas facile d'améliorer la position.} (
18. Nb1 $6 {[%cal Gb1c3]} a4 $1 19. Nc3 {[%csl Ra3]} Ne4 $15) 18... Rac8 19. h3
{[%csl Gg1] Un coup prophylactique utile pour la protection du K et KARPOV
décide de "passer son tour" pour attendre une faute éventuelle de son
aversaire plus faible.} Bxf3 20. Nxf3 Qb7 $1 {[%csl Rc4,Ge4][%cal Gb7b6,Gb7a6,
Ga6c4] reprend le contrôle de la case "e4" tout en protégeant la faiblesse
"b6" et en gardant un oeil sur Qa6 avec pression sur le P"c4" après
l'ouverture de la colonne "c"} 21. Qb3 Qa6 $5 (21... Rc7 $5 22. a4 Rdc8 {
[%csl Rc4][%cal Gb7a6,Gc5d4]}) 22. a4 {[%csl Rb4,Gb5]} (22. d5 a4 $1 23. Qd3
exd5 24. cxd5 b5 $15 {la majorité des noirs а l'aile-dame est forte}) 22... d5
$5 {les pièces noires sont bien placées pour réagir au centre} 23. cxd5 exd5
24. Ne5 c4 $1 {espérant valoriser la majorité} 25. Qa3 Nd7 26. Nf3 {C'est
probablement une position critique car après le repli Nf3, les noirs vont
prendre l'initiative} (26. Qe7 $142 $5 {[%cal Ge5d7,Ge7f7]} Nxe5 27. dxe5 {
[%csl Rd5]} b5 28. axb5 Qxb5 {[%csl Rb2]} 29. e6 Rf8 30. exf7+ Rxf7 31. Qe5 $14
{[%cal Ge5b2,Gd1d5,Gd1d2] C'est une position qui pouvait plaire а KARPOV car
"d5" est assez faible et le caractère "technique" de la position devrait
l'avantager}) 26... b5 $1 27. axb5 Qxb5 28. Nd2 Nb8 $1 {recyclant le N vers
une position plus active} 29. Rc3 (29. Nb1 {[%cal Gb1c3]} Qb4 $1) 29... a4 $1
$15 {[%csl Rb2]} 30. Ra1 Nc6 $36 31. Qxa4 $6 {l'échange avantage les noirs qui
ont maintenant un P passé protégé} (31. Nf3 {Il était peut-être encore temps
pour les blancs de proposer la nulle après ce coup neutre car en voulant
forcer la position par Qa4, les blancs vont être moins biens.} Ra8) 31... Qxb2
32. Rc2 Qb4 $1 33. Nf3 (33. Qxb4 $6 Nxb4 $17 {[%csl Rc2][%cal Gb4c2,Gb4d3]
gagnant un tempo important avant de jouer Nd3}) 33... Qd6 34. Rb2 {les pièces
blanches commencent а manquer de coordination} Rb8 35. Rab1 Ra8 36. Qc2 Rdb8
37. Rxb8+ Rxb8 38. Nd2 (38. Rxb8+ Qxb8 {[%cal Gb8b4]}) 38... Rb4 (38... Nb4 {
[%cal Gb4d3]}) 39. g4 g6 40. Kg2 Qb8 41. h4 $2 {"g4" était utile pour prendre
de l'espace mais h4 est trés affaiblissant} Qc8 $40 {[%csl Rg4]} 42. Kg3 {
[%csl Rg3]} (42. f3 Qd8 {[%csl Rh4]}) 42... Qc7+ 43. Kh3 Qd7 $1 {[%cal Gh6h5,
Gd7h3]} 44. Rg1 {[%csl Rg1] Le signe que la partie tourne mal pour les blancs}
(44. Kg3 Qd6+ 45. Kg2 Kg7) 44... Rb7 45. Nf3 Nb4 {[%cal Gb4d3]} (45... h5 $1)
46. Qd2 Nd3 (46... Qc8 $5 {[%cal Gc4c3] peut-être plus souple pour garder
l'option c3}) 47. Ne5 $6 {Les blancs n'auront pas le temps d'attaquer "d5"}
Nxe5 $1 48. dxe5 Rb3 $1 {[%cal Gd5d4,Gb3h3]} 49. Qd4 Rd3 $1 50. Qc5 d4 $1 51.
Qxc4 dxe3 52. fxe3 Rxe3+ {[%csl Rh3]} 53. Rg3 Rxe5 {l'espoir des blancs est
maintenant d'échanger les Q pour annuler la finale de R mais le K blanc est
trop exposé} 54. Rd3 Qe7 55. Rf3 Qb7 56. Kg3 Re1 57. Qd4 Qc7+ (57... Kh7 $2 {
Dans ce genre de position, il ne faut pas perdre de temps et l'initiative est
primordiale} 58. h5 $5) 58. Qf4 Qa7 {[%cal Ga7g1]} 59. Rf2 Rg1+ 60. Rg2 Ra1 61.
h5 $2 g5 $1 $19 {gagne un tempo important sur la Q pour prendre le contrôle
des cases "f4" et "h4" et la position est maintenant perdante pour KARPOV} (
61... Qe7) 62. Qe5 Ra5 63. Qd6 Ra3+ 64. Kh2 Rf3 $4 {laisse une chance
inespérée aux blancs!} (64... Qe3 {[%cal Ge3h3] le K est dans un réseau de mat}
) 65. Qe5 (65. Re2 $1 $132 {[%cal Ge2e8]}) 65... Re3 66. Qd6 Rf3 67. Qe5 (67.
Qxh6 $4 Qe3) 67... Re3 68. Qd6 Re1 69. Qd8+ Kg7 70. Qd2 Qc7+ $1 71. Rg3 {
La R blanche n'a pas eu la possibilité de rejouer ensuite} Rc1 {[%cal Gc1c2]}
72. Qd4+ Kg8 73. Qe3 Rb1 74. Qc3 Qb8 75. Qf3 Ra1 76. Kh3 Qb1 77. Qd5 Qf1+ 78.
Qg2 Qe1 79. Kh2 Ra4 (79... Rd1 $143 {[%cal Gd1d2]} 80. Qf3 Rd2+ 81. Rg2) 80.
Qg1 Qe5 81. Kh3 Ra2 82. Qb6 $2 Qe4 83. Qd8+ Kg7 84. Qd1 Re2 85. Qf1 f5 {
Une rare défaite du Champion du Monde qui était alors au sommet de sa carrière
au début des années 80} 0-1

[Event "Cappelle op 31st"]
[Site "Cappelle la Grande"]
[Date "2015.03.03"]
[Round "5"]
[White "Petkov, Vladimir"]
[Black "Mareco, Sandro"]
[Result "1/2-1/2"]
[WhiteElo "2517"]
[BlackElo "2598"]
[Annotator "RR"]
[PlyCount "103"]
[EventDate "2015.02.28"]
[EventType "swiss"]
[EventRounds "9"]
[EventCountry "FRA"]
[SourceTitle "EXT 2016"]
[Source "ChessBase"]
[SourceDate "2015.10.08"]
[SourceVersion "1"]
[SourceVersionDate "2015.10.08"]
[SourceQuality "1"]

1. d4 Nf6 2. c4 e6 3. Nc3 Bb4 4. Nf3 b6 5. Qb3 (5. Bg5) 5... c5 6. Bg5 Bb7 7.
e3 O-O 8. Be2 (8. Rd1 {[%cal Gd1d8]}) 8... Nc6 (8... cxd4 9. exd4 Be7 10. O-O
Nc6 11. Rad1 Rc8 12. d5 Na5 13. Qa4 exd5 14. cxd5 Nxd5 15. Nxd5 Bxg5 16. Qg4
Bh6 17. b4 Nc6 18. Bd3 Ne7 19. Qe4 Ng6 20. Bb1 Re8 21. Qf5 Ba6 22. Rfe1 Be2 23.
h4 Bxd1 24. Rxd1 d6 25. Kh2 Rc1 26. Rd4 Qc8 27. Qd3 f5 28. h5 Ne5 29. Nxe5 Rxe5
30. f4 Rxd5 31. Rxd5 Bxf4+ 32. g3 Bxg3+ 33. Kg2 Be5 34. Qxf5 Qxf5 35. Bxf5 Rc3
36. Kf2 Rc4 37. Ke3 Rh4 38. Rd1 {Edouard,R (2659)-Moiseenko,A (2698) Germany
2014 0-1}) 9. dxc5 bxc5 10. O-O Bxc3 11. bxc3 (11. Qxc3 Ne4 $1 {Un thème
classique dans la Nimzo}) 11... Na5 12. Qd1 $146 (12. Qc2 Qc7 13. Nd2 d6 14.
Nb3 Ne4 15. Bh4 f5 16. f3 Nf6 17. Bg3 Rad8 18. Rab1 Ba6 19. Nxa5 Qxa5 20. e4
fxe4 21. fxe4 Qc7 22. Bd3 {1/2-1/2 (22) Travnik,P (2305)-Lasek,M (2270)
Czechia 2002}) 12... Qc7 13. Bf4 (13. Bxf6 gxf6 $11) 13... Qc6 $132 14. Rb1 Ne4
15. Bd3 d6 16. Qc2 f5 17. Bxe4 Qxe4 18. Qa4 e5 19. Qxa5 (19. Bxe5 dxe5 20. Qxa5
{Gagne un P mais les P doublés donne des compensations aux Noirs}) 19... exf4
20. Qc7 Rf7 21. Qxf7+ $1 Kxf7 22. Ng5+ Ke7 23. Nxe4 Bxe4 24. Rb2 fxe3 25. fxe3
(25. Re1 $5 exf2+ 26. Kxf2 {[%cal Gg2g4]}) 25... Ke6 26. Rd1 (26. Kf2) 26...
Rc8 27. Rb5 g5 28. Rd2 h5 29. Ra5 Rc7 $13 30. Ra6 Rd7 31. Kf2 h4 32. Rb2 Bd3 $1
33. Ra4 g4 34. Rb8 Be4 35. Re8+ Kf7 36. Rh8 Kg7 37. Rb8 (37. Rxh4 $6 Rb7 {
[%csl Rg2,Rh4][%cal Gb7b2]}) 37... Kf6 38. Rf8+ Kg7 39. Rb8 {Répète les
coups pour passer le contrôle de temps} Kf6 40. Ra6 Ke5 41. Re8+ Kf6 42. Rh8
Kg5 43. Ra3 d5 44. Rg8+ Kh5 45. Ra8 dxc4 46. R3xa7 Rd2+ 47. Ke1 Rxg2 48. Rh8+
Kg5 49. Rg8+ Kf6 50. Ra6+ Kf7 51. Rc8 Rb2 52. Ra7+ 1/2-1/2